000 00695nam a2200229 a 4500
001 BRCA_6880
005 20190320205627.0
008 111111s19171918gw-#######---#000-0#ger-#
041 _ager
044 _agw
050 4 _aPT2617 E88
_b.H45 1 1917
100 1 _aHeubner, Rudolf
_d1867-
_917140
245 1 0 _aDer Heilige Geist
_berster teil Jakob Siemering und kompanie
_cvon Rudolf Heubner
260 _aLeipzig, Alemania
_bL. Staackmann
_c1917
300 _a407 p. (v.1)
_c19 cm.
500 _aTítulo de cubierta: Rudolf Heubner. Jakob Siemering und Kompanie
500 _aVer también O98 (v.2)
500 _aO74
650 1 4 _aLiteratura Alemana
_96160
902 _aGFM
942 _2lcc
_cB
999 _c6562
_d6562